SIAM journal on control and optimization
Αποθηκεύτηκε σε:
| Συγγραφή απο Οργανισμό/Αρχή: | |
|---|---|
| Μορφή: | Περιοδική έκδοση |
| Γλώσσα: | English |
| Δημοσίευση: |
Philadelphia :
Society for Industrial and Applied Mathematics,
1976-
|
| Θέματα: | |
| Ετικέτες: |
Προσθήκη ετικέτας
Δεν υπάρχουν, Καταχωρήστε ετικέτα πρώτοι!
|
MARC
| LEADER | 00000cas a2200000 i 4500 | ||
|---|---|---|---|
| 001 | 1/29723 | ||
| 008 | 021122c19769999 eng | ||
| 022 | |a 03630129 | ||
| 035 | |l 10068852 | ||
| 040 | |a GR-MY-UA |b gre |e aacr | ||
| 041 | 0 | |a eng | |
| 082 | 0 | |a 629.831205 | |
| 245 | 1 | 0 | |a SIAM journal on control and optimization |h [περιοδικό] |
| 246 | 3 | 3 | |a Journal on control and optimization |
| 246 | 3 | 3 | |a Control and optimization |
| 260 | |a Philadelphia : |b Society for Industrial and Applied Mathematics, |c 1976- | ||
| 300 | |a v.; |c 24-26 cm. | ||
| 310 | |a Bimonthly | ||
| 650 | 0 | 0 | |a Control theory |x Periodicals. |
| 650 | 0 | 0 | |a Mathematical optimization |x Periodicals. |
| 710 | 2 | |a Society for Industrial and Applied Mathematics. | |
| 853 | |a INST |b SAMOS |c SER | ||
| 922 | |a 3ΕΛΗ |b 200211 |c ΕΠΕΑΕΚ/ΤΣΑΕ |d SWETS | ||
| 970 | |a ΠΟΥΡΝΑΡΑΣ |b ΔΗΜΗΤΡΗΣ |z 2002/11/22 | ||